000 00303nam a22001337a 4500
008 170526b xxu||||| |||| 00| 0 eng d
020 _a3540172130
041 _aGER
080 _a621.3
100 _a25
101 _aIM
245 _aKOMMUNIKATION IN VERTEILTEN SYSTEMEN
_cGERNER, N
942 _2udc
_cBK
999 _c14398
_d14398